ARRUPE JESUIT UNIVERSITY

CORONAVIRUS -STOP THE SPREAD - CLEAN,DISINFECT,COVER

Towards the death of Satan: (Record no. 131524)

MARC details
000 -LEADER
fixed length control field 00841nam a22002891 4500
001 - CONTROL NUMBER
control field 4070013
003 - CONTROL NUMBER IDENTIFIER
control field ARRUPE
005 - DATE AND TIME OF LATEST TRANSACTION
control field 20221116132057.0
008 - FIXED-LENGTH DATA ELEMENTS--GENERAL INFORMATION
fixed length control field 710514s1968 enk b 000 0 eng
010 ## - LIBRARY OF CONGRESS CONTROL NUMBER
LC control number 68124003
015 ## - NATIONAL BIBLIOGRAPHY NUMBER
National bibliography number B68-16185
020 ## - INTERNATIONAL STANDARD BOOK NUMBER
International Standard Book Number 0225275457
028 ## - PUBLISHER NUMBER
Source Arrupe
040 ## - CATALOGING SOURCE
Original cataloging agency DLC
Transcribing agency DLC
Modifying agency DLC
050 00 - LIBRARY OF CONGRESS CALL NUMBER
Classification number BT975
Item number .K44
082 00 - DEWEY DECIMAL CLASSIFICATION NUMBER
Classification number 235/.4
300 ## - PHYSICAL DESCRIPTION
Dimensions 23 cm.
100 1# - MAIN ENTRY--PERSONAL NAME
Personal name Kelly, Henry Ansgar,
Dates associated with a name 1934-
9 (RLIN) 51851
245 10 - TITLE STATEMENT
Title Towards the death of Satan:
Remainder of title the growth and decline of Christian demonology.
260 ## - PUBLICATION, DISTRIBUTION, ETC. (IMPRINT)
Place of publication, distribution, etc London,
-- Dublin [etc.]
Name of publisher, distributor, etc G. Chapman,
Date of publication, distribution, etc 1968.
300 ## - PHYSICAL DESCRIPTION
Extent vii, 137 p.
350 ## - PRICE (NR) (BK AM CF MU VM SE) [OBSOLETE]
Price 25/-
504 ## - BIBLIOGRAPHY, ETC. NOTE
Bibliography, etc Bibliographical footnotes.
650 #0 - SUBJECT ADDED ENTRY--TOPICAL TERM
Topical term or geographic name as entry element Devil
General subdivision History of doctrines.
9 (RLIN) 51852
650 #0 - SUBJECT ADDED ENTRY--TOPICAL TERM
Topical term or geographic name as entry element Demonology.
9 (RLIN) 5771
906 ## - LOCAL DATA ELEMENT F, LDF (RLIN)
a 7
b cbc
c orignew
d u
e ncip
f 19
g y-gencatlg
942 ## - ADDED ENTRY ELEMENTS (KOHA)
Source of classification or shelving scheme Library of Congress Classification
Koha item type Monograph ( Printed materials)
Holdings
Withdrawn status Lost status Source of classification or shelving scheme Damaged status Not for loan Home library Current library Shelving location Date acquired Total Checkouts Full call number Date last seen Price effective from Koha item type Barcode
    Library of Congress Classification     ARRUPE LIBRARY ARRUPE LIBRARY Main Collection 16/11/2022   BT975 .K44 16/11/2022 16/11/2022 Monograph ( Printed materials)  
    Library of Congress Classification     ARRUPE LIBRARY ARRUPE LIBRARY   16/11/2022   BT975 .K44 16/11/2022 16/11/2022 Monograph ( Printed materials) 46700000070

 

Arrupe Library. PO Box MP320 Mt Pleasant, Harare, Zimbabwe
263 242 745411|librarian@aju.ac.zw